| 000 | 00602nam a2200241Ia 4500 | ||
|---|---|---|---|
| 003 | OSt | ||
| 005 | 20220918214525.0 | ||
| 006 | a|||||r|||| 00| 0 | ||
| 007 | ta | ||
| 008 | 220917b |||||||| |||| 00| 0 eng d | ||
| 024 | _a137,843 | ||
| 037 | _cTextual | ||
| 040 |
_aARTS _cARTS _beng |
||
| 041 |
_2eng _aeng |
||
| 082 | _aY:1, G5.2 | ||
| 100 | _aDurant Will | ||
| 245 | 0 | _aStory of civilization | |
| 260 |
_aNew York _bSimon and Schuster _c1935 |
||
| 300 |
_a526-1049p. _ccm. |
||
| 650 | _aSOCIOLOGY | ||
| 942 |
_hY:1, G5.2 _cTEXL _2CC |
||
| 999 |
_c260917 _d260917 |
||